American Football Routes - Statistics

General Stats
  • This quiz has been taken 17 times
  • The average score is 6 of 9
Answer Stats
Picture Answer % Correct
Slant
100%
Dig / In
77%
Out
77%
Go / Fly
69%
Comeback
62%
Post
62%
Corner
54%
Flat
38%
Curl
23%
No matching quizzes found
Score Distribution
Percent of People with Each Score
Percentile by Number Answered
Your Score History
You have not taken this quiz